Účinok nízkoteplotnej plazmy na povrchovú dekontamináciu klíčkov

Na minha lista:
Detalhes bibliográficos
Autor principal: Ivanišová, Dana (Author)
Outros Autores: Mošovská, Silvia (Thesis advisor)
Formato: Manuscrito Livro
Idioma:eslovaco
Publicado em: 2019
Assuntos:
Acesso em linha:http://is.stuba.sk/zp/portal_zp.pl?podrobnosti=143177
Tags: Adicionar Tag
Sem tags, seja o primeiro a adicionar uma tag!

MARC

LEADER 00000ntm a22000003a 4500
001 stuzp74661
003 SK-STU
005 20190601211615.7
007 ta
008 150427s2015----xo-----f-mn---000-0-slo-d
040 |a STU  |b slo 
041 0 |a slo 
100 1 |a Ivanišová, Dana  |u 040270  |k Z4  |4 aut  |U FCHPT Ústav potravinárstva a výživy  |T FCHPT Oddelenie výživy a hodnotenia kvality potravín  |X 63940  |U C0270  |Y 686  |7 63940 
242 0 1 |a Effect of Nonthermal Plasma on Surface Decontamination of Sprouts  |y eng 
245 1 0 |a Účinok nízkoteplotnej plazmy na povrchovú dekontamináciu klíčkov 
260 |c 2019 
650 4 |a klíčky  |2 slo 
650 4 |a nízkoteplotná plazma  |2 slo 
650 4 |a antioxidačná aktivita  |2 slo 
650 4 |a dekontaminácia  |2 slo 
650 4 |a non-thermal plasma  |2 eng 
650 4 |a sprouts  |2 eng 
650 4 |a antioxidant activity  |2 eng 
650 4 |a decontamination  |2 eng 
700 1 |a Mošovská, Silvia  |u 040270  |k Z2  |4 ths  |U FCHPT Ústav potravinárstva a výživy  |T FCHPT Oddelenie výživy a hodnotenia kvality potravín  |X 25438  |U C0270  |Y 686  |7 A000025438 
856 4 |u http://is.stuba.sk/zp/portal_zp.pl?podrobnosti=143177